000 00282nam a22001217a 4500
082 _a823
_bSAW/O
100 _aSAWANT, S D
245 _aSAWANT, S D
260 _aINDIA
_bMINISTRY OF INFORMANTION AND BROADCASTING
_c1973
300 _a45
650 _aENGLISH STORY
_zINDIA
942 _cBK
999 _c7453
_d7453